000 00467nam a2200157 4500
003 CO-ViMGA
020 _a9789588205632
040 _aCO-ViMGA
_bspa
_cCO-ViMGA
082 0 4 _aCo861.5
_bR94p
100 1 _aRuiz Henao, Oscar Darío,
_d1967-
_97768
245 1 0 _aPoemas, oraciones e instrucciones
_cOscar Darío Ruiz Henao
260 _aBogotá :
_bUniversidad Cooperativa de Colombia,
_c2005.
300 _a109 p.
650 1 4 _aPoesía colombiana
_9163
942 _2ddc
_cBK
999 _c37785
_d37785